000 00460nam a2200169 i 4500
001 bg
100 1 _aBLAKE, Peter
245 1 0 _aMies van der Rohe - architektura i struktura /
_cPeter Blake.
260 _aWarszawa :
_bWAiF,
_c1991.
600 1 9 _aMies van der Rohe, Ludwig (1886-1969)
650 9 _aArchitektura niemiecka
040 _cBPK
041 1 _apol
_heng
080 _a72.03:929-052A/Z
942 _cKS
008 s pl f |000 0 pol
999 _c35574
_d35574
856 _uhttp://koha.tu.koszalin.pl/cgi-bin/koha/opac-detail.pl?biblionumber=35574
_yKatalog online BPK